Racing circuit to country IV - Statistics

General Stats
  • This quiz has been taken 48 times
  • The average score is 10 of 20
Answer Stats
Name Country % Correct
Dubai United Arab Emirates
92%
Oulton Park United Kingdom
86%
Estoril Portugal
78%
Arctic Circle Norway
68%
Phillip Island Australia
65%
Sportsland Sugo Japan
62%
Pau France
57%
Potrero de los Funes Argentina
54%
Velo Città Brazil
49%
Ningbo China
49%
Dakar Baobabs Senegal
49%
Jyllands-Ringen Denmark
43%
Madras India
41%
Moulay El Hassan Morocco
35%
Phakisa Freeway / Welkom South Africa
35%
Batangas Philippines
22%
Tocancipá Colombia
19%
Audru Ring Estonia
19%
Codegua Chile
16%
Lihpao Taiwan
14%
No matching quizzes found
Score Distribution
Percent of People with Each Score
Percentile by Number Answered
Your Score History
You have not taken this quiz